| 000 | 00897nam a2200205Ia 4500 | ||
|---|---|---|---|
| 999 |
_c36927 _d36927 |
||
| 001 | 2878 | ||
| 003 | GE_BSU | ||
| 005 | 20190506113930.0 | ||
| 008 | 181216s2004||||ge |||||||||||||| ||geo|| | ||
| 040 | _cGE_BSU | ||
| 041 | _ageo | ||
| 080 | _a338.45:664 გ–52 | ||
| 100 |
_aგიორგობიანი, ოთარ _9744 |
||
| 245 |
_aკვების მრეწველობის ეკონომიკა და ორგანიზაცია / _cოთარ გიორგობიანი ; რედ : ვახტანგ ბურკაძე |
||
| 264 |
_aთბილისი . : _bმნათე , _c1993. |
||
| 300 |
_a245 გვ ; _c20 სმ. |
||
| 653 | _aკვების მრეწველობის ეკონომიკა | ||
| 700 |
_aბურკაძე , ვახტანგ _eრედაქტორი _9745 |
||
| 942 |
_cBK _2udc |
||